[Event "Kadettlandskamp NOR-SWE A 2018"]
[Site "NTG, Bærum, Norway"]
[Date "2018.12.15"]
[Round "2.6"]
[White "Tryggestad, Andreas"]
[Black "Wernberg, Hugo"]
[Result "1-0"]
[WhiteTitle "FM"]
[WhiteFideId "1513338"]
[BlackFideId "1737511"]
[WhiteElo "2189"]
[BlackElo "1796"]

1. b3 {[%clk 00:15:18]} c5 {[%clk 00:14:44]} {[%emt 01:27:13]} 2. Bb2 {[%clk
00:15:29]} b6 {[%clk 00:14:45]} {[%emt 00:00:09]} 3. Nf3 {[%clk 00:15:34]}
{[%emt 00:00:05]} Bb7 {[%clk 00:14:53]} {[%emt 00:00:02]} 4. d3 {[%clk
00:15:27]} {[%emt 00:00:17]} d6 {[%clk 00:15:00]} {[%emt 00:00:03]} 5. g3
{[%clk 00:15:33]} {[%emt 00:00:04]} Nd7 {[%clk 00:15:06]} {[%emt 00:00:03]} 6.
Bg2 {[%clk 00:15:42]} {[%emt 00:00:01]} Ngf6 {[%clk 00:15:14]} {[%emt
00:00:01]} 7. O-O {[%clk 00:15:51]} {[%emt 00:00:02]} g6 {[%clk 00:15:21]}
{[%emt 00:00:03]} 8. e4 {[%clk 00:15:59]} {[%emt 00:00:03]} Bg7 {[%clk
00:15:29]} {[%emt 00:00:02]} 9. Nbd2 {[%clk 00:16:07]} {[%emt 00:00:02]} O-O
{[%clk 00:15:36]} {[%emt 00:00:03]} 10. Re1 {[%clk 00:16:17]} {[%emt 00:00:01]}
e6 {[%clk 00:15:01]} {[%emt 00:00:45]} 11. a4 {[%clk 00:16:11]} {[%emt
00:00:15]} d5 {[%clk 00:14:37]} {[%emt 00:00:34]} 12. a5 {[%clk 00:16:11]}
{[%emt 00:00:11]} d4 {[%clk 00:14:13]} {[%emt 00:00:34]} 13. Nh4 {[%clk
00:15:47]} {[%emt 00:00:33]} Ne8 {[%clk 00:13:39]} {[%emt 00:00:45]} 14. f4
{[%clk 00:15:44]} {[%emt 00:00:13]} Nc7 {[%clk 00:12:55]} {[%emt 00:00:54]} 15.
Nc4 {[%clk 00:15:18]} {[%emt 00:00:36]} b5 {[%clk 00:11:48]} {[%emt 00:01:17]}
16. Nd2 {[%clk 00:14:38]} {[%emt 00:00:49]} a6 {[%clk 00:11:40]} {[%emt
00:00:18]} 17. Nhf3 {[%clk 00:14:20]} {[%emt 00:00:29]} e5 {[%clk 00:09:55]}
{[%emt 00:01:55]} 18. Ba3 {[%clk 00:13:50]} {[%emt 00:00:40]} Ne6 {[%clk
00:08:59]} {[%emt 00:01:05]} 19. f5 {[%clk 00:13:21]} {[%emt 00:00:40]} Ng5
{[%clk 00:08:55]} {[%emt 00:00:14]} 20. h4 {[%clk 00:12:53]} {[%emt 00:00:38]}
Nxf3+ {[%clk 00:08:58]} {[%emt 00:00:06]} 21. Nxf3 {[%clk 00:13:02]} {[%emt
00:00:02]} Rc8 {[%clk 00:08:35]} {[%emt 00:00:34]} 22. g4 {[%clk 00:13:01]}
{[%emt 00:00:11]} Re8 {[%clk 00:07:50]} {[%emt 00:00:54]} 23. Qd2 {[%clk
00:12:49]} {[%emt 00:00:23]} c4 {[%clk 00:07:19]} {[%emt 00:00:41]} 24. bxc4
{[%clk 00:12:41]} {[%emt 00:00:18]} bxc4 {[%clk 00:07:25]} {[%emt 00:00:04]} 25.
Qb4 {[%clk 00:12:36]} {[%emt 00:00:14]} Qc7 {[%clk 00:07:04]} {[%emt 00:00:31]}
26. Nd2 {[%clk 00:12:11]} {[%emt 00:00:35]} cxd3 {[%clk 00:06:00]} {[%emt
00:01:15]} 27. cxd3 {[%clk 00:12:19]} {[%emt 00:00:02]} Bf8 {[%clk 00:04:55]}
{[%emt 00:01:15]} 28. Qb3 {[%clk 00:11:53]} {[%emt 00:00:36]} Bxa3 {[%clk
00:03:42]} {[%emt 00:01:23]} 29. fxg6 {[%clk 00:11:25]} {[%emt 00:00:39]} hxg6
{[%clk 00:03:51]} {[%emt 00:00:01]} 30. Qxa3 {[%clk 00:11:34]} Qc3 {[%clk
00:03:49]} {[%emt 00:00:11]} 31. Nc4 {[%clk 00:11:39]} {[%emt 00:00:05]} Qxa3
32. Rxa3 {[%clk 00:11:47]} Rb8 {[%clk 00:03:19]} {[%emt 00:00:27]} 33. g5
{[%clk 00:10:59]} {[%emt 00:00:59]} Bc6 {[%clk 00:03:25]} {[%emt 00:00:03]} 34.
Bh3 {[%clk 00:11:08]} {[%emt 00:00:01]} Nc5 {[%clk 00:03:11]} {[%emt 00:00:23]}
35. Rc1 {[%clk 00:10:48]} {[%emt 00:00:28]} Bb5 {[%clk 00:03:08]} {[%emt
00:00:15]} 36. Kf2 {[%clk 00:05:06]} {[%emt 00:05:53]} Bxc4 {[%clk 00:03:05]}
{[%emt 00:00:13]} 37. Rxc4 {[%clk 00:05:14]} {[%emt 00:00:02]} Rb2+ {[%clk
00:02:54]} {[%emt 00:00:21]} 38. Kg3 {[%clk 00:05:23]} {[%emt 00:00:01]} Rb3
{[%clk 00:02:45]} {[%emt 00:00:19]} 39. Rxb3 {[%clk 00:03:17]} {[%emt
00:02:16]} Nxb3 {[%clk 00:02:52]} {[%emt 00:00:02]} 40. Rc6 {[%clk 00:03:04]}
{[%emt 00:00:23]} Nxa5 {[%clk 00:02:29]} 41. Rxa6 {[%clk 00:03:13]} {[%emt
00:00:34]} Nb3 {[%clk 00:02:33]} {[%emt 00:00:06]} 42. Rc6 {[%clk 00:03:11]}
{[%emt 00:00:10]} Re7 {[%clk 00:02:33]} {[%emt 00:00:11]} 43. h5 {[%clk
00:03:20]} {[%emt 00:00:02]} gxh5 {[%clk 00:02:33]} {[%emt 00:00:10]} 44. Kh4
{[%clk 00:03:24]} {[%emt 00:00:06]} Kg7 {[%clk 00:02:30]} {[%emt 00:00:12]} 45.
Kxh5 {[%clk 00:03:33]} {[%emt 00:00:02]} Na5 {[%clk 00:02:06]} {[%emt
00:00:34]} 46. Rc2 {[%clk 00:02:25]} {[%emt 00:01:17]} Nb3 {[%clk 00:01:56]}
{[%emt 00:00:19]} 47. Bf5 {[%clk 00:02:18]} {[%emt 00:00:19]} Ra7 {[%clk
00:01:30]} {[%emt 00:00:36]} 48. g6 {[%clk 00:01:02]} {[%emt 00:01:26]} fxg6+
{[%clk 00:01:25]} {[%emt 00:00:15]} 49. Bxg6 {[%clk 00:01:11]} Ra1 {[%clk
00:01:09]} {[%emt 00:00:25]} 50. Be8 {[%clk 00:00:32]} {[%emt 00:00:50]} Kf6
{[%clk 00:00:31]} {[%emt 00:00:48]} 51. Rf2+ {[%clk 00:00:19]} {[%emt
00:00:24]} Ke7 {[%clk 00:00:39]} {[%emt 00:00:02]} 52. Bb5 {[%clk 00:00:26]}
{[%emt 00:00:03]} Nc5 {[%clk 00:00:24]} {[%emt 00:00:24]} 53. Kg5 {[%clk
00:00:22]} {[%emt 00:00:14]} Rd1 {[%clk 00:00:25]} {[%emt 00:00:09]} 54. Rf3
{[%clk 00:00:20]} {[%emt 00:00:12]} Kd6 {[%clk 00:00:25]} {[%emt 00:00:09]} 55.
Kf5 {[%clk 00:00:22]} {[%emt 00:00:08]} Rb1 {[%clk 00:00:33]} {[%emt 00:00:02]}
56. Bc4 {[%clk 00:00:31]} {[%emt 00:00:02]} Rb8 {[%clk 00:00:36]} {[%emt
00:00:07]} 57. Rh3 {[%clk 00:00:38]} {[%emt 00:00:04]} Rf8+ {[%clk 00:00:44]}
{[%emt 00:00:02]} 58. Kg4 {[%clk 00:00:28]} {[%emt 00:00:20]} Rc8 {[%clk
00:00:45]} {[%emt 00:00:08]} 59. Rh6+ {[%clk 00:00:36]} {[%emt 00:00:03]} Ke7
{[%clk 00:00:50]} {[%emt 00:00:02]} 60. Kf5 {[%clk 00:00:35]} {[%emt 00:00:14]}
Nd7 {[%clk 00:00:55]} {[%emt 00:00:05]} 61. Re6+ {[%clk 00:00:39]} {[%emt
00:00:06]} Kd8 {[%clk 00:00:56]} {[%emt 00:00:08]} 62. Rd6 {[%clk 00:00:48]}
{[%emt 00:00:02]} Ke7 {[%clk 00:01:02]} {[%emt 00:00:04]} 63. Rxd7+ {[%clk
00:00:56]} {[%emt 00:00:01]} Kxd7 {[%clk 00:01:07]} {[%emt 00:00:05]} 64. Be6+
{[%clk 00:01:06]} 1-0

[Event "Kadettlandskamp NOR-SWE A 2018"]
[Site "NTG, Bærum, Norway"]
[Date "2018.12.15"]
[Round "3.1"]
[White "Tryggestad, Andreas"]
[Black "Carlsson, Ludvig"]
[Result "0-1"]
[WhiteTitle "FM"]
[BlackTitle "CM"]
[WhiteFideId "1513338"]
[BlackFideId "1727010"]
[WhiteElo "2189"]
[BlackElo "1978"]

1. d4 {[%clk 00:15:18]} Nf6 {[%clk 00:15:11]} {[%emt 00:00:09]} 2. c4 {[%clk
00:15:27]} {[%emt 00:00:02]} g6 {[%clk 00:15:12]} {[%emt 00:00:09]} 3. Nc3
{[%clk 00:15:36]} {[%emt 00:00:01]} d5 {[%clk 00:15:21]} {[%emt 00:00:01]} 4.
cxd5 {[%clk 00:15:44]} {[%emt 00:00:02]} Nxd5 {[%clk 00:15:29]} {[%emt
00:00:01]} 5. e4 {[%clk 00:15:29]} {[%emt 00:00:26]} Nxc3 {[%clk 00:15:36]}
{[%emt 00:00:03]} 6. bxc3 {[%clk 00:15:37]} {[%emt 00:00:02]} Bg7 {[%clk
00:15:44]} {[%emt 00:00:01]} 7. Nf3 {[%clk 00:15:46]} {[%emt 00:00:02]} O-O
{[%clk 00:15:47]} {[%emt 00:00:06]} 8. Be3 {[%clk 00:15:53]} {[%emt 00:00:03]}
Nc6 {[%clk 00:15:55]} {[%emt 00:00:02]} 9. Qd2 {[%clk 00:15:58]} {[%emt
00:00:06]} b6 {[%clk 00:16:02]} {[%emt 00:00:04]} 10. d5 {[%clk 00:15:55]}
{[%emt 00:00:12]} Ne5 {[%clk 00:15:49]} {[%emt 00:00:22]} 11. Nd4 {[%clk
00:15:33]} {[%emt 00:00:33]} Bb7 {[%clk 00:14:42]} {[%emt 00:01:17]} 12. Be2
{[%clk 00:15:41]} {[%emt 00:00:02]} c5 {[%clk 00:14:43]} {[%emt 00:00:09]} 13.
Nc2 {[%clk 00:15:13]} {[%emt 00:00:37]} f5 {[%clk 00:14:43]} {[%emt 00:00:12]}
14. f4 {[%clk 00:15:11]} {[%emt 00:00:12]} Nf7 {[%clk 00:14:48]} {[%emt
00:00:04]} 15. c4 {[%clk 00:12:28]} {[%emt 00:02:54]} fxe4 {[%clk 00:14:17]}
{[%emt 00:00:40]} 16. O-O {[%clk 00:11:22]} {[%emt 00:01:16]} Bxa1 {[%clk
00:13:46]} {[%emt 00:00:42]} 17. Nxa1 {[%clk 00:11:10]} {[%emt 00:00:22]} Nd6
{[%clk 00:13:53]} {[%emt 00:00:02]} 18. h4 {[%clk 00:10:40]} {[%emt 00:00:40]}
Nf5 {[%clk 00:13:42]} {[%emt 00:00:22]} 19. h5 {[%clk 00:10:46]} {[%emt
00:00:03]} e6 {[%clk 00:13:49]} {[%emt 00:00:02]} 20. hxg6 {[%clk 00:10:05]}
{[%emt 00:00:51]} hxg6 {[%clk 00:13:57]} {[%emt 00:00:02]} 21. Bf2 {[%clk
00:08:04]} {[%emt 00:02:11]} exd5 {[%clk 00:13:17]} {[%emt 00:00:50]} 22. cxd5
{[%clk 00:08:11]} {[%emt 00:00:02]} Qxd5 {[%clk 00:12:17]} {[%emt 00:01:10]} 23.
Qc3 {[%clk 00:08:13]} {[%emt 00:00:08]} b5 {[%clk 00:11:28]} {[%emt 00:01:00]}
24. Bxb5 {[%clk 00:08:13]} {[%emt 00:00:10]} Nd6 {[%clk 00:11:36]} {[%emt
00:00:01]} 25. Ba4 {[%clk 00:07:50]} {[%emt 00:00:34]} e3 {[%clk 00:11:40]}
{[%emt 00:00:06]} 0-1

[Event "Kadettlandskamp NOR-SWE A 2018"]
[Site "NTG, Bærum, Norway"]
[Date "2018.12.15"]
[Round "3.2"]
[White "Lund, Gunnar"]
[Black "Törngren, Gustav"]
[Result "1-0"]
[WhiteFideId "1520814"]
[BlackFideId "1728970"]
[WhiteElo "2006"]
[BlackElo "1909"]

1. d4 {[%clk 00:15:16]} {[%emt 00:00:04]} Nf6 {[%clk 00:15:17]} {[%emt
00:00:03]} 2. Bf4 {[%clk 00:15:20]} {[%emt 00:00:06]} g6 {[%clk 00:15:24]}
{[%emt 00:00:03]} 3. Nc3 {[%clk 00:15:29]} {[%emt 00:00:01]} d5 {[%clk
00:15:31]} {[%emt 00:00:03]} 4. h4 {[%clk 00:15:38]} h6 {[%clk 00:15:35]}
{[%emt 00:00:06]} 5. e3 {[%clk 00:15:38]} {[%emt 00:00:10]} Bg7 {[%clk
00:15:42]} {[%emt 00:00:04]} 6. Qd2 {[%clk 00:15:34]} {[%emt 00:00:14]} c6
{[%clk 00:15:37]} {[%emt 00:00:14]} 7. O-O-O {[%clk 00:15:40]} {[%emt
00:00:04]} Qa5 {[%clk 00:15:15]} {[%emt 00:00:32]} 8. Kb1 {[%clk 00:15:37]}
{[%emt 00:00:13]} Nbd7 {[%clk 00:14:32]} {[%emt 00:00:53]} 9. f3 {[%clk
00:15:37]} {[%emt 00:00:11]} O-O {[%clk 00:14:10]} {[%emt 00:00:32]} 10. e4
{[%clk 00:15:32]} {[%emt 00:00:15]} dxe4 {[%clk 00:13:52]} {[%emt 00:00:27]} 11.
Bxh6 {[%clk 00:15:39]} {[%emt 00:00:03]} Bxh6 {[%clk 00:13:11]} {[%emt
00:00:51]} 12. Qxh6 {[%clk 00:15:44]} {[%emt 00:00:05]} exf3 {[%clk 00:12:37]}
{[%emt 00:00:45]} 13. Nxf3 {[%clk 00:15:42]} {[%emt 00:00:12]} Qh5 {[%clk
00:12:44]} {[%emt 00:00:04]} 14. Qd2 {[%clk 00:15:38]} {[%emt 00:00:14]} Nb6
{[%clk 00:12:42]} {[%emt 00:00:13]} 15. Be2 {[%clk 00:15:38]} {[%emt 00:00:10]}
Bg4 {[%clk 00:12:47]} {[%emt 00:00:05]} 16. Ne5 {[%clk 00:15:33]} {[%emt
00:00:15]} Bxe2 {[%clk 00:12:53]} {[%emt 00:00:05]} 17. Nxe2 {[%clk 00:15:42]}
Ne4 {[%clk 00:08:05]} {[%emt 00:04:58]} 18. Qe3 {[%clk 00:15:18]} {[%emt
00:00:33]} f5 {[%clk 00:07:45]} {[%emt 00:00:30]} 19. g4 {[%clk 00:15:27]} Nd5
{[%clk 00:05:27]} {[%emt 00:02:27]} 20. Qxe4 {[%clk 00:15:32]} {[%emt
00:00:06]} fxe4 {[%clk 00:05:36]} {[%emt 00:00:01]} 21. gxh5 {[%clk 00:15:41]}
{[%emt 00:00:01]} gxh5 {[%clk 00:05:42]} {[%emt 00:00:04]} 22. Rdg1+ {[%clk
00:15:49]} {[%emt 00:00:02]} Kh7 {[%clk 00:05:49]} {[%emt 00:00:03]} 23. Ng3
{[%clk 00:15:54]} {[%emt 00:00:06]} Nf6 {[%clk 00:05:34]} {[%emt 00:00:24]} 24.
Nf5 {[%clk 00:15:59]} {[%emt 00:00:05]} Ng4 {[%clk 00:05:31]} {[%emt 00:00:13]}
25. Nxg4 {[%clk 00:15:41]} {[%emt 00:00:27]} Rxf5 {[%clk 00:05:37]} {[%emt
00:00:05]} 26. Ne5 {[%clk 00:15:46]} {[%emt 00:00:06]} Rd8 {[%clk 00:05:40]}
{[%emt 00:00:06]} 27. c3 {[%clk 00:15:42]} {[%emt 00:00:13]} c5 {[%clk
00:05:39]} {[%emt 00:00:12]} 28. Rg5 {[%clk 00:15:31]} {[%emt 00:00:21]} Rxg5
{[%clk 00:05:37]} {[%emt 00:00:12]} 29. hxg5 {[%clk 00:15:40]} {[%emt
00:00:01]} cxd4 {[%clk 00:05:46]} 30. cxd4 {[%clk 00:15:49]} {[%emt 00:00:01]}
Rxd4 {[%clk 00:05:55]} {[%emt 00:00:02]} 31. Rxh5+ {[%clk 00:15:58]} Kg7 {[%clk
00:06:04]} 32. Rh4 {[%clk 00:15:54]} {[%emt 00:00:14]} a5 {[%clk 00:05:17]}
{[%emt 00:00:57]} 33. Kc2 {[%clk 00:16:03]} b5 {[%clk 00:04:57]} {[%emt
00:00:30]} 34. Kc3 {[%clk 00:16:12]} Rd1 {[%clk 00:04:57]} {[%emt 00:00:10]} 35.
Rxe4 {[%clk 00:16:19]} {[%emt 00:00:03]} Ra1 {[%clk 00:04:40]} {[%emt
00:00:27]} 36. a3 {[%clk 00:16:28]} {[%emt 00:00:01]} Rc1+ {[%clk 00:04:46]}
{[%emt 00:00:04]} 37. Kb3 {[%clk 00:16:25]} {[%emt 00:00:13]} Rg1 {[%clk
00:04:47]} {[%emt 00:00:09]} 38. g6 {[%clk 00:16:18]} {[%emt 00:00:17]} Rg3+
{[%clk 00:04:37]} {[%emt 00:00:20]} 39. Kc2 {[%clk 00:16:27]} Kf6 {[%clk
00:04:38]} {[%emt 00:00:09]} 40. Re2 {[%clk 00:16:32]} {[%emt 00:00:05]} e6
{[%clk 00:04:29]} {[%emt 00:00:19]} 41. Nc6 {[%clk 00:16:03]} {[%emt 00:00:38]}
b4 {[%clk 00:04:03]} {[%emt 00:00:37]} 42. axb4 {[%clk 00:16:09]} {[%emt
00:00:04]} axb4 {[%clk 00:04:13]} 43. Nxb4 {[%clk 00:16:17]} {[%emt 00:00:03]}
Rxg6 {[%clk 00:04:17]} {[%emt 00:00:05]} 44. Nd3 {[%clk 00:16:25]} {[%emt
00:00:02]} Rg8 {[%clk 00:04:07]} {[%emt 00:00:20]} 45. b4 {[%clk 00:16:33]}
{[%emt 00:00:02]} Ke7 {[%clk 00:04:02]} {[%emt 00:00:15]} 46. Nc5 {[%clk
00:16:38]} {[%emt 00:00:04]} Kd6 {[%clk 00:04:02]} {[%emt 00:00:09]} 47. Rxe6+
{[%clk 00:16:35]} {[%emt 00:00:14]} Kc7 {[%clk 00:04:11]} 48. Kb3 {[%clk
00:16:41]} {[%emt 00:00:03]} Rg3+ {[%clk 00:04:10]} {[%emt 00:00:12]} 49. Ka4
{[%clk 00:16:50]} Rg1 {[%clk 00:04:19]} 50. Kb5 {[%clk 00:16:59]} Rb1 {[%clk
00:04:19]} {[%emt 00:00:10]} 51. Re7+ {[%clk 00:16:51]} {[%emt 00:00:18]} Kb8
{[%clk 00:04:17]} {[%emt 00:00:12]} 52. Kc6 {[%clk 00:16:52]} {[%emt 00:00:09]}
Ka8 {[%clk 00:03:50]} {[%emt 00:00:37]} 53. b5 {[%clk 00:16:59]} {[%emt
00:00:04]} Rh1 {[%clk 00:03:13]} {[%emt 00:00:47]} 54. b6 {[%clk 00:17:07]}
{[%emt 00:00:02]} Rh6+ {[%clk 00:03:21]} {[%emt 00:00:02]} 55. Ne6 {[%clk
00:17:16]} Rh8 {[%clk 00:03:10]} {[%emt 00:00:21]} 56. Nc7+ {[%clk 00:17:26]}
Kb8 {[%clk 00:03:19]} {[%emt 00:00:01]} 57. Na6+ {[%clk 00:17:34]} Ka8 {[%clk
00:03:12]} {[%emt 00:00:17]} 58. b7+ {[%clk 00:17:42]} {[%emt 00:00:03]} Ka7
{[%clk 00:03:20]} {[%emt 00:00:02]} 59. b8=Q+ {[%clk 00:17:51]} Kxa6 {[%clk
00:03:29]} {[%emt 00:00:02]} 60. Ra7# {[%clk 00:17:59]} {[%emt 00:00:02]} 1-0

[Event "Kadettlandskamp NOR-SWE A 2018"]
[Site "NTG, Bærum, Norway"]
[Date "2018.12.15"]
[Round "3.3"]
[White "Sjøberg, Isak"]
[Black "Söderström, Adrian"]
[Result "1-0"]
[BlackFideId "1745786"]
[WhiteElo "2019"]
[BlackElo "1949"]

1. e4 {[%clk 00:15:18]} {[%emt 00:00:02]} c5 {[%clk 00:15:17]} {[%emt
00:00:04]} 2. Nf3 {[%clk 00:15:25]} {[%emt 00:00:02]} d6 {[%clk 00:15:26]}
{[%emt 00:00:02]} 3. d4 {[%clk 00:15:34]} {[%emt 00:00:02]} cxd4 {[%clk
00:15:34]} 4. Qxd4 {[%clk 00:15:39]} {[%emt 00:00:04]} Nc6 {[%clk 00:15:42]}
{[%emt 00:00:02]} 5. Bb5 {[%clk 00:15:47]} {[%emt 00:00:02]} Bd7 {[%clk
00:15:40]} {[%emt 00:00:12]} 6. Bxc6 {[%clk 00:15:56]} {[%emt 00:00:02]} bxc6
{[%clk 00:15:44]} {[%emt 00:00:05]} 7. c4 {[%clk 00:16:01]} {[%emt 00:00:05]}
e5 {[%clk 00:15:05]} {[%emt 00:00:49]} 8. Qd3 {[%clk 00:16:10]} {[%emt
00:00:02]} Be7 {[%clk 00:14:53]} {[%emt 00:00:22]} 9. O-O {[%clk 00:16:17]}
{[%emt 00:00:02]} h6 {[%clk 00:14:50]} {[%emt 00:00:12]} 10. Nc3 {[%clk
00:16:25]} {[%emt 00:00:02]} Nf6 {[%clk 00:14:55]} {[%emt 00:00:06]} 11. Rd1
{[%clk 00:16:33]} {[%emt 00:00:02]} c5 {[%clk 00:14:37]} {[%emt 00:00:28]} 12.
h3 {[%clk 00:16:24]} {[%emt 00:00:19]} O-O {[%clk 00:14:34]} {[%emt 00:00:13]}
13. Be3 {[%clk 00:16:14]} {[%emt 00:00:20]} Rb8 {[%clk 00:14:35]} {[%emt
00:00:09]} 14. b3 {[%clk 00:16:21]} {[%emt 00:00:02]} Ne8 {[%clk 00:14:24]}
{[%emt 00:00:21]} 15. Nxe5 {[%clk 00:15:46]} {[%emt 00:00:45]} Bf6 {[%clk
00:14:03]} {[%emt 00:00:31]} 16. Nxd7 {[%clk 00:15:47]} {[%emt 00:00:09]} Qxd7
{[%clk 00:14:12]} {[%emt 00:00:01]} 17. Rac1 {[%clk 00:15:41]} {[%emt
00:00:14]} Bxc3 {[%clk 00:13:51]} {[%emt 00:00:34]} 18. Rxc3 {[%clk 00:15:43]}
{[%emt 00:00:08]} Qe7 {[%clk 00:13:49]} {[%emt 00:00:11]} 19. Bf4 {[%clk
00:15:31]} {[%emt 00:00:23]} Rb6 {[%clk 00:13:53]} {[%emt 00:00:06]} 20. Qg3
{[%clk 00:14:50]} {[%emt 00:00:51]} Qxe4 {[%clk 00:12:11]} {[%emt 00:01:52]} 21.
Bxh6 {[%clk 00:14:52]} {[%emt 00:00:08]} d5 {[%clk 00:12:05]} {[%emt 00:00:16]}
22. Re3 {[%clk 00:12:38]} {[%emt 00:02:23]} Qg6 {[%clk 00:10:51]} {[%emt
00:01:24]} 23. Qxg6 {[%clk 00:10:04]} {[%emt 00:02:45]} Rxg6 {[%clk 00:10:58]}
{[%emt 00:00:04]} 24. Bf4 {[%clk 00:10:12]} dxc4 {[%clk 00:10:39]} {[%emt
00:00:29]} 25. bxc4 {[%clk 00:10:17]} {[%emt 00:00:05]} Ra6 {[%clk 00:10:00]}
{[%emt 00:00:49]} 26. Rd5 {[%clk 00:07:22]} {[%emt 00:03:05]} Rxa2 {[%clk
00:08:21]} {[%emt 00:01:50]} 27. Rxc5 {[%clk 00:07:29]} {[%emt 00:00:03]} Rc2
{[%clk 00:07:56]} {[%emt 00:00:34]} 28. Re7 {[%clk 00:07:16]} {[%emt 00:00:24]}
Nf6 {[%clk 00:07:23]} {[%emt 00:00:43]} 29. f3 {[%clk 00:05:16]} {[%emt
00:02:10]} a5 {[%clk 00:07:20]} {[%emt 00:00:13]} 30. Rxa5 {[%clk 00:03:00]}
{[%emt 00:02:26]} Rxc4 {[%clk 00:07:22]} {[%emt 00:00:08]} 31. Bg5 {[%clk
00:02:57]} {[%emt 00:00:12]} Rc2 {[%clk 00:06:14]} {[%emt 00:01:18]} 32. Bxf6
{[%clk 00:02:48]} {[%emt 00:00:19]} gxf6 {[%clk 00:06:23]} {[%emt 00:00:02]} 33.
Raa7 {[%clk 00:02:44]} {[%emt 00:00:14]} f5 {[%clk 00:03:36]} {[%emt 00:02:57]}
34. Kh2 {[%clk 00:02:43]} {[%emt 00:00:10]} Kg7 {[%clk 00:03:32]} {[%emt
00:00:15]} 35. Re5 {[%clk 00:02:14]} {[%emt 00:00:39]} Kf6 {[%clk 00:03:30]}
{[%emt 00:00:12]} 36. Raa5 {[%clk 00:02:05]} {[%emt 00:00:19]} Rd8 {[%clk
00:02:03]} {[%emt 00:01:38]} 37. Rxf5+ {[%clk 00:02:12]} {[%emt 00:00:02]} Ke6
{[%clk 00:02:04]} {[%emt 00:00:08]} 38. Rae5+ {[%clk 00:02:18]} {[%emt
00:00:05]} Kd6 {[%clk 00:02:12]} {[%emt 00:00:02]} 39. Rd5+ {[%clk 00:02:26]}
{[%emt 00:00:02]} Ke6 {[%clk 00:02:11]} {[%emt 00:00:11]} 40. Rde5+ {[%clk
00:01:41]} {[%emt 00:00:54]} Kd6 {[%clk 00:02:17]} {[%emt 00:00:05]} 41. f4
{[%clk 00:01:49]} {[%emt 00:00:02]} Ra8 {[%clk 00:02:01]} {[%emt 00:00:26]} 42.
Rf6+ {[%clk 00:01:54]} {[%emt 00:00:05]} 1-0